| 000 | 00388nam a2200145Ia 4500 | ||
|---|---|---|---|
| 008 | 240729s9999 xx 000 0 und d | ||
| 245 | 0 | _aZagazig Nursing Journal | |
| 260 | _aEgypt | ||
| 260 | _bZagazig University, Faculty of Nursing | ||
| 650 | _a Nursing | ||
| 650 | _aMedicine | ||
| 856 | _uhttps://doaj.org/toc/941398f33dfc416f8a4d6bd72af6b3d9 | ||
| 942 | _2ddc | ||
| 942 | _cDOAJEJ | ||
| 999 |
_c68483 _d68483 |
||
| 945 |
_a1 _bMadushi Gamage _c1 _dMadushi Gamage |
||